000 00840nam a22002777a 4500
003 CHAP
005 20220329135708.0
008 971013s1956 r 00010 d
010 _a40687
011 _a41659
035 _a45785
040 _cCHAP
082 _a636.085
_bM67 1956
100 0 0 _aMorrison, Frank Barron.
_978911
245 _aFeeds and feeding
_b: a handbook for the studente and stockman
250 _a22 ed.
260 _aClinton, Iowa :
_bMorrison,
_c1956
300 _a1165 p.
_b: ilus
590 _aBATCH-UPD
_b10
_c20130110
_lUCH01
_h2019
590 _aBATCH-UPD
_b10
_c20130410
_lUCH01
_h1337
590 _aCONVERSION
_b10
_c20130109
_lUCH01
_h1322
650 1 4 _aAlimentos y alimentacion del ganado.
_94326
901 _aBK
942 _cLIBRO
949 _a636.085 M67 1956
_bBC
_cBPA
_d-104468
_eBPA
_h39663
_i45785
_mD
_si
999 _c40687
_d40687